000 00754aas a2200229 4500
999 _c2722
_d2722
003 BR-BrBNA
005 20230317233553.0
007 ta
008 230119b bl ||||| |||| 00| 0 por d
022 _a0101-1367
035 _a000485-5
040 _aBR-BrBNA
_bPor
_cBR-BrBNA
042 _a027609-X
044 _abl
245 _aDivulgando a Pesquisa - Empresa de Assistência Técnica e Extensão Rural do Estado de Goiás (Brazil)
260 _aGoiânia-GO
_bEmpresa de Assistência Técnica e Extensão Rural do Estado de Goiás
_c1978. Data final de publicação em 1978
_eBGO
270 _aRua 227 A Qd 67D Lote 10/3 - Setor Universitário - 74000-000
310 _airregular
505 _a1978 (2-3);
909 _a56
_bSergio Santos
_c56
_dSergio Santos
942 _cCR
_2AGRIS